| 000 | 00389nam a2200133Ia 4500 | ||
|---|---|---|---|
| 008 | 220216s9999 xx 000 0 und d | ||
| 100 | _aNesiolovskaya T N | ||
| 245 | 0 | _aImproving the effectiveness of using fibre fillers in vulcanisates | |
| 260 |
_bInternational Polymer Science and Technology _c1998 |
||
| 300 | _a8-May | ||
| 500 | _aSource Year: 1999 | ||
| 856 | _uIRRDB | ||
| 942 | _cJS | ||
| 999 |
_c60906 _d60906 |
||